000 00590nam a22001697a 4500
003 OSt
005 20240529114716.0
008 240522b ||||| |||| 00| 0 eng d
040 _cAIMIT LIBRARY
100 _aPrabhu, Annapoorna.
_e2016023
_9166547
245 _aStudy on employee welfare measures with reference to KIMS hospital Kasaragod /
_cBy Annapoorna Prabhu ; Guided by Beena Dias.
260 _bKasaragod ,
_c2022.
650 _aEmployee welfare measures.
_9168383
700 _aDias, Beena.
_eGuide
_9166548
856 _3Kasaragod Institute of medical sciences
942 _2ddc
_cPRO
999 _c230853
_d230853